[Event "ITA-ch sf 70th"]
[Site "Torino"]
[Date "2010.06.25"]
[Round "7"]
[White "Di Paolo, Raffaele"]
[Black "Racioppo, Paolo"]
[Result "1-0"]
[WhiteElo "2343"]
[BlackElo "2172"]
[PlyCount "99"]
[EventDate "2010.06.20"]
[EventType "swiss"]
[EventRounds "9"]
[EventCountry "ITA"]
[SourceTitle "CBM 137 Extra"]
[Source "ChessBase"]
[SourceDate "2010.09.01"]
[SourceVersion "1"]
[SourceVersionDate "2010.09.01"]
[SourceQuality "1"]

1. e4 c5 2. Nf3 a6 3. c3 d6 4. d4 Nd7 5. Bd3 e6 6. 0-0 Be7 7. Qe2 b6 8. a3 Bb7 9. Rd1 g5 10. h3 h5 11. Nh2 Bf6 12. Nd2 Ne7 13. e5 dxe5 14. Ne4 Bxe4 15. Bxe4 exd4 16. cxd4 cxd4 17. Bxa8 Qxa8 18. Nf3 Qd5 19. Bxg5 Nf5 20. Bxf6 Nxf6 21. Rac1 0-0 22. Qe5 Qxe5 23. Nxe5 Nd5 24. Nf3 Nf4 25. Kf1 Rd8 26. g3 Ng6 27. g4 hxg4 28. hxg4 Ngh4 29. Ne5 Ne7 30. Rc7 Nhg6 31. Rd7 Rxd7 32. Nxd7 e5 33. Nxb6 Kg7 34. Nd7 f6 35. Rc1 Kf7 36. Nc5 a5 37. Rc4 Nf4 38. Ke1 Kg6 39. f3 Ned5 40. Ra4 Kg5 41. Ne4+ Kh4 42. Rxa5 Kh3 43. Kf2 Kh2 44. Rxd5 Nxd5 45. a4 Nb4 46. Nxf6 Nd3+ 47. Ke2 Nxb2 48. g5 Nxa4 49. g6 d3+ 50. Kd2 1-0

[Event "Turin Piemonte op 6th"]
[Site "Turin"]
[Date "2005.11.27"]
[Round "7"]
[White "Angioni, Gian Carlo"]
[Black "Racioppo, Paolo"]
[Result "0-1"]
[WhiteElo "1832"]
[BlackElo "2188"]
[PlyCount "96"]
[EventDate "2005.11.18"]
[EventType "swiss"]
[EventRounds "9"]
[EventCountry "ITA"]
[SourceTitle "EXT 2007"]
[Source "ChessBase"]
[SourceDate "2006.11.23"]
[SourceVersion "1"]
[SourceVersionDate "2006.11.23"]
[SourceQuality "1"]

1. e4 c5 2. Nf3 a6 3. d4 cxd4 4. Nxd4 Nf6 5. Nc3 e5 6. Nb3 d6 7. Be2 Be7 8. Be3 Nbd7 9. a4 b6 10. 0-0 Bb7 11. f3 Rc8 12. Qd2 0-0 13. Rfd1 Qc7 14. Qe1 Rfd8 15. Rd2 Nc5 16. Qf1 d5 17. exd5 Nxd5 18. Nxd5 Bxd5 19. Nxc5 Bxc5 20. Bxc5 Qxc5+ 21. Kh1 Be6 22. Bd3 g6 23. Qe2 a5 24. c3 Rd6 25. Bb5 Rcd8 26. Rad1 Bb3 27. Rxd6 Rxd6 28. Rxd6 Qxd6 29. Kg1 h5 30. h3 Qd5 31. Kf2 f5 32. Ke1 Qc5 33. Qf2 f4 34. Qxc5 bxc5 35. c4 Bc2 36. Bc6 Bd3 37. Bb5 Kf8 38. h4 Ke7 39. Kf2 Kf6 40. g3 g5 41. hxg5+ Kxg5 42. Ba6 fxg3+ 43. Kxg3 h4+ 44. Kg2 Kf4 45. Kf2 h3 46. Bb5 e4 47. fxe4 Bxe4 48. Kf1 Kg3 0-1

[Event "Turin Piemonte op 6th"]
[Site "Turin"]
[Date "2005.11.18"]
[Round "1"]
[White "Racioppo, Paolo"]
[Black "Milanesi, Erminio"]
[Result "1-0"]
[WhiteElo "2188"]
[BlackElo "1616"]
[PlyCount "65"]
[EventDate "2005.11.18"]
[EventType "swiss"]
[EventRounds "9"]
[EventCountry "ITA"]
[SourceTitle "EXT 2007"]
[Source "ChessBase"]
[SourceDate "2006.11.23"]
[SourceVersion "1"]
[SourceVersionDate "2006.11.23"]
[SourceQuality "1"]

1. e4 g6 2. d4 Nh6 3. Nc3 c6 4. f3 f6 5. Be3 Nf7 6. Qd2 d5 7. Nge2 Bg7 8. h4 dxe4 9. Nxe4 Na6 10. c4 Bf5 11. N2c3 Nc7 12. g4 Bxe4 13. fxe4 Qd6 14. 0-0-0 0-0-0 15. Na4 e6 16. Be2 Qe7 17. Qa5 Na6 18. c5 Qc7 19. Qc3 Nb8 20. b4 Bh6 21. Bxh6 Nxh6 22. Qd3 Nf7 23. Rhf1 Qe7 24. Nb2 Rhe8 25. Nc4 Nd7 26. Rd2 h6 27. Rb2 a6 28. a4 g5 29. h5 Nb8 30. Nb6+ Kc7 31. b5 f5 32. gxf5 exf5 33. Rxf5 1-0

[Event "Nichelino op 5th"]
[Site "Nichelino"]
[Date "2004.10.08"]
[Round "2"]
[White "Racioppo, Paolo"]
[Black "Ranieri, Fabrizio"]
[Result "0-1"]
[WhiteElo "2214"]
[BlackElo "2213"]
[PlyCount "116"]
[EventDate "2004.10.07"]
[EventType "swiss"]
[EventRounds "6"]
[EventCountry "ITA"]
[SourceTitle "EXT 2009"]
[Source "ChessBase"]
[SourceDate "2008.11.26"]
[SourceVersion "1"]
[SourceVersionDate "2008.11.26"]
[SourceQuality "1"]

1. f4 d5 2. Nf3 Nf6 3. e3 Bg4 4. b3 Nc6 5. Bb5 Qd7 6. Bb2 a6 7. Be2 Bxf3 8. Bxf3 e6 9. 0-0 Bd6 10. c4 Ne7 11. Bxf6 gxf6 12. Nc3 c6 13. Qc2 f5 14. Na4 Rb8 15. Qb2 0-0 16. c5 Bc7 17. Kh1 d4 18. Qc2 Rbd8 19. Rad1 Ng6 20. Nb2 dxe3 21. dxe3 Qe7 22. b4 Rxd1 23. Rxd1 Rd8 24. Nc4 Rxd1+ 25. Qxd1 Nf8 26. g3 Qd7 27. Qd4 Qxd4 28. exd4 Nd7 29. Kg2 Kf8 30. Kf2 Ke7 31. Ke3 Nf6 32. h3 Kd7 33. a3 Ke7 34. a4 Kd7 35. g4 fxg4 36. hxg4 Nd5+ 37. Bxd5 exd5 38. Nd2 Ke6 39. Nf3 Bd8 40. a5 h6 41. f5+ Kf6 42. Ne5 Bc7 43. Nf3 Bg3 44. Kd3 Bf4 45. Ke2 Bg3 46. Ke3 Bc7 47. Ng1 Bb8 48. Kf3 Kg5 49. Nh3+ Kh4 50. Nf2 h5 51. gxh5 Kxh5 52. Nh3 Kh4 53. Nf4 Bxf4 54. Kxf4 f6 55. Kf3 Kg5 56. Kg3 Kxf5 57. Kf3 Kg5 58. Ke3 Kg4 0-1

[Event "Turin Piemonte op 5th"]
[Site "Turin"]
[Date "2003.12.06"]
[Round "3"]
[White "Armentano, Alessio"]
[Black "Racioppo, Paolo"]
[Result "0-1"]
[WhiteElo "1867"]
[BlackElo "2216"]
[PlyCount "64"]
[EventDate "2003.12.04"]
[EventType "swiss"]
[EventRounds "7"]
[EventCountry "ITA"]
[SourceTitle "EXT 2008"]
[Source "ChessBase"]
[SourceDate "2007.11.25"]
[SourceVersion "1"]
[SourceVersionDate "2007.11.25"]
[SourceQuality "1"]

1. e4 c5 2. Nc3 a6 3. g3 b5 4. Bg2 Bb7 5. d3 d6 6. f4 g6 7. Nf3 Bg7 8. 0-0 Nd7 9. Be3 b4 10. Ne2 Bxb2 11. Rb1 Ba3 12. c3 a5 13. Ne1 Ngf6 14. h3 c4 15. Nc2 cxd3 16. Qxd3 Ba6 17. Qd1 Rc8 18. Nxa3 bxa3 19. Rb3 0-0 20. Rxa3 Qc7 21. Rb3 Qc4 22. Nd4 Nc5 23. Ra3 Ncxe4 24. Qf3 Qc5 25. Nc2 Qb5 26. Re1 Qb2 27. Rc1 Bd3 28. Rb3 Qxa2 29. Nd4 e5 30. Qd1 exd4 31. Qxd3 dxe3 32. Bxe4 Qxb3 0-1

[Event "Piemonte Region-ch"]
[Site "Torino"]
[Date "2003.04.??"]
[Round "5"]
[White "Pepino, Enrico"]
[Black "Racioppo, Paolo"]
[Result "0-1"]
[WhiteElo "2058"]
[BlackElo "2206"]
[PlyCount "54"]
[EventDate "2003.04.??"]
[EventType "swiss"]
[EventRounds "6"]
[EventCountry "ITA"]
[SourceTitle "EXT 2024"]
[Source "ChessBase"]
[SourceDate "2023.10.10"]
[SourceVersion "1"]
[SourceVersionDate "2023.10.10"]
[SourceQuality "1"]

1. e4 c5 2. Nf3 a6 3. c4 Nc6 4. d4 cxd4 5. Nxd4 e5 6. Nf5 d5 7. cxd5 Bxf5 8. exf5 Nd4 9. Nc3 Bb4 10. Bd3 Qxd5 11. 0-0 Qd7 12. Re1 Ne7 13. Bg5 0-0-0 14. f6 gxf6 15. Bxf6 Rhg8 16. Rc1 Qh3 17. g3 Ndc6 18. Qf3 Kb8 19. a3 Bd6 20. Be4 Nd4 21. Qg2 Qe6 22. Nd5 Rc8 23. Rxc8+ Rxc8 24. Bxe7 Bxe7 25. Nc3 Qb3 26. Bd5 Qxb2 27. Qe4 Rxc3 0-1

[Event "Piemonte Region-ch"]
[Site "Torino"]
[Date "2003.04.??"]
[Round "6"]
[White "Racioppo, Paolo"]
[Black "Aglietti, Graziano"]
[Result "1-0"]
[WhiteElo "2206"]
[BlackElo "2087"]
[PlyCount "81"]
[EventDate "2003.04.??"]
[EventType "swiss"]
[EventRounds "6"]
[EventCountry "ITA"]
[SourceTitle "EXT 2024"]
[Source "ChessBase"]
[SourceDate "2023.10.10"]
[SourceVersion "1"]
[SourceVersionDate "2023.10.10"]
[SourceQuality "1"]

1. e4 e6 2. d3 d5 3. Nd2 c5 4. Ngf3 Be7 5. g3 Nf6 6. Bg2 Nc6 7. 0-0 0-0 8. Re1 Rb8 9. e5 Nd7 10. Nf1 f6 11. exf6 Nxf6 12. Bh3 Qe8 13. Bxe6+ Bxe6 14. Rxe6 Qh5 15. Bf4 Rbe8 16. Qe2 h6 17. h4 Ne4 18. dxe4 Rxf4 19. exd5 Rxf3 20. dxc6 Qf7 21. cxb7 Rxf2 22. Qxf2 Qxe6 23. Re1 Qb6 24. Qf3 c4+ 25. Kh1 Rf8 26. Qd5+ Kh8 27. Ne3 Qb4 28. Rd1 c3 29. b3 Bxh4 30. Nf5 Bg5 31. Nd6 Bd2 32. Nf7+ Kh7 33. Ne5 Rb8 34. Qd3+ Kg8 35. Rf1 Qxb7+ 36. Kh2 Rc8 37. Qg6 Qd5 38. Ng4 Rc6 39. Nf6+ Rxf6 40. Rxf6 Qc5 41. Re6 1-0

[Event "Piemonte Region-ch"]
[Site "Torino"]
[Date "2003.04.??"]
[Round "4"]
[White "Racioppo, Paolo"]
[Black "Vinciguerra, Marco"]
[Result "1/2-1/2"]
[WhiteElo "2206"]
[BlackElo "1789"]
[PlyCount "57"]
[EventDate "2003.04.??"]
[EventType "swiss"]
[EventRounds "6"]
[EventCountry "ITA"]
[SourceTitle "EXT 2024"]
[Source "ChessBase"]
[SourceDate "2023.10.10"]
[SourceVersion "1"]
[SourceVersionDate "2023.10.10"]
[SourceQuality "1"]

1. f4 e6 2. Nf3 b6 3. d3 Bb7 4. g3 Nc6 5. Bg2 d5 6. c3 g6 7. 0-0 Bg7 8. Qe1 Nge7 9. a4 Na5 10. Nfd2 c5 11. Na3 0-0 12. Nc2 Rc8 13. Ra3 Qd7 14. Nf3 c4 15. Ncd4 Nec6 16. Be3 Ba6 17. Nxc6 Nxc6 18. d4 Rb8 19. h3 Bc8 20. g4 b5 21. axb5 Rxb5 22. Bc1 f6 23. Nh4 e5 24. e4 exd4 25. exd5 Rxd5 26. Bxd5+ Qxd5 27. cxd4 Nxd4 28. Rxa7 Bb7 29. Qe7 1/2-1/2

[Event "Torino Epifania op"]
[Site "Torino"]
[Date "2003.01.??"]
[Round "3"]
[White "Racioppo, Paolo"]
[Black "Fortino, Fabrizio"]
[Result "1-0"]
[WhiteElo "2208"]
[BlackElo "1717"]
[PlyCount "65"]
[EventDate "2003.01.??"]
[EventType "swiss"]
[EventRounds "5"]
[EventCountry "ITA"]
[SourceTitle "EXT 2024"]
[Source "ChessBase"]
[SourceDate "2023.10.10"]
[SourceVersion "1"]
[SourceVersionDate "2023.10.10"]
[SourceQuality "1"]

1. f4 d5 2. d3 Nf6 3. Nf3 c5 4. g3 Nc6 5. Bg2 e6 6. 0-0 Be7 7. c3 0-0 8. Qe1 b6 9. h3 Bb7 10. Nbd2 Nd7 11. e4 Qc7 12. e5 Rfe8 13. a3 f6 14. d4 a5 15. g4 a4 16. Rf2 cxd4 17. cxd4 b5 18. Nf1 b4 19. Rc2 Qb6 20. Be3 Ba6 21. Ng3 Na5 22. f5 Bf8 23. Nh5 exf5 24. gxf5 Bd3 25. Rf2 Bxf5 26. Nd2 Be4 27. Nxe4 dxe4 28. Bxe4 Rac8 29. Bd5+ Kh8 30. e6 Nb8 31. Nf4 Na6 32. Rc2 Nc7 33. Rxc7 1-0

[Event "Turin op"]
[Site "Turin"]
[Date "2002.11.18"]
[Round "1"]
[White "Racioppo, Paolo"]
[Black "Sorcinelli, Francesco"]
[Result "1-0"]
[WhiteElo "2208"]
[BlackElo "1965"]
[PlyCount "155"]
[EventDate "2002.11.24"]
[EventType "swiss"]
[EventRounds "7"]
[EventCountry "ITA"]
[SourceTitle "CBM 091 Extra"]
[Source "ChessBase"]
[SourceDate "2003.01.09"]
[SourceVersion "1"]
[SourceVersionDate "2003.01.09"]
[SourceQuality "1"]

1. f4 c5 2. Nf3 Nc6 3. d3 d5 4. g3 g6 5. Bg2 Bg7 6. 0-0 Nf6 7. Nc3 0-0 8. a3 Rb8 9. Qe1 d4 10. Ne4 Nxe4 11. dxe4 Bg4 12. h3 Bxf3 13. Bxf3 e5 14. f5 c4 15. g4 Bf6 16. Qg3 Bh4 17. Qg2 Bg5 18. Bxg5 Qxg5 19. Rad1 b5 20. Qg3 b4 21. h4 Qe3+ 22. Kg2 bxa3 23. bxa3 Rb2 24. Rf2 Rxc2 25. g5 gxf5 26. exf5 e4 27. Bh5 Qxg3+ 28. Kxg3 e3 29. Rf4 Rd2 30. Rc1 c3 31. Bf3 Ne5 32. Bd5 Rd8 33. Bb3 Rxe2 34. g6 hxg6 35. fxg6 Kg7 36. gxf7 Rf2 37. Rg1 Rf8 38. Rxd4 Kf6 39. Rf4+ Rxf4 40. Kxf4 e2 41. Ke3 Nxf7 42. Kxe2 Re8+ 43. Kd3 Ne5+ 44. Kxc3 Rh8 45. Rh1 a5 46. h5 Rc8+ 47. Kd4 Rd8+ 48. Bd5 Nc6+ 49. Kc5 Ne7 50. Be4 Ke5 51. Bg2 Rd3 52. a4 Rg3 53. Bf1 Kf6 54. h6 Ng6 55. h7 Kg7 56. Bb5 Kh8 57. Kb6 Ne7 58. Kxa5 Rg7 59. Bd3 Nc6+ 60. Kb6 Ne5 61. Bb1 Rg4 62. a5 Nc4+ 63. Kc7 Rg7+ 64. Kc8 Nd6+ 65. Kb8 Rb7+ 66. Ka8 Rb5 67. a6 Rc5 68. Rd1 Rc8+ 69. Ka7 Rd8 70. Rg1 Nb5+ 71. Kb6 Nc7 72. Kxc7 Rd7+ 73. Kb6 Rd6+ 74. Kc5 Rd5+ 75. Kc4 Rd4+ 76. Kc3 Rc4+ 77. Kd2 Rd4+ 78. Bd3 1-0

[Event "Torino-ch Assoluto 46th"]
[Site "Torino"]
[Date "2001.11.??"]
[Round "2"]
[White "Racioppo, Paolo"]
[Black "Fassio, Luca"]
[Result "1-0"]
[WhiteElo "2208"]
[BlackElo "2201"]
[PlyCount "63"]
[EventDate "2001.11.??"]
[EventType "swiss"]
[EventRounds "7"]
[EventCountry "ITA"]
[SourceTitle "EXT 2015"]
[Source "ChessBase"]
[SourceDate "2014.11.20"]
[SourceVersion "1"]
[SourceVersionDate "2014.11.20"]
[SourceQuality "1"]

1. e4 g6 2. d4 Bg7 3. Nc3 d6 4. Be3 c6 5. f4 b5 6. Qf3 Nd7 7. Bd3 Nb6 8. Nge2 Nf6 9. h3 Rb8 10. b3 b4 11. Nd1 Qc7 12. Rc1 Bd7 13. g4 a5 14. c4 c5 15. d5 Nc8 16. e5 Ng8 17. 0-0 e6 18. dxe6 fxe6 19. f5 Bc6 20. Qf2 exf5 21. gxf5 Bxe5 22. fxg6 Nf6 23. Bg5 Rf8 24. gxh7 Qg7 25. Qh4 Rb7 26. Ne3 Ne7 27. Nf4 Bd7 28. Ng4 Nxg4 29. hxg4 Bd4+ 30. Kh2 Be5 31. Kh3 Rh8 32. Nh5 1-0

[Event "Torino-ch Assoluto 46th"]
[Site "Torino"]
[Date "2001.11.??"]
[Round "7"]
[White "Racioppo, Paolo"]
[Black "Pepino, Enrico"]
[Result "1-0"]
[WhiteElo "2208"]
[BlackElo "2071"]
[PlyCount "79"]
[EventDate "2001.11.??"]
[EventType "swiss"]
[EventRounds "7"]
[EventCountry "ITA"]
[SourceTitle "EXT 2015"]
[Source "ChessBase"]
[SourceDate "2014.11.20"]
[SourceVersion "1"]
[SourceVersionDate "2014.11.20"]
[SourceQuality "1"]

1. e4 d6 2. d4 Nf6 3. Nc3 g6 4. h3 Bg7 5. f4 0-0 6. Be3 c6 7. Qf3 b5 8. e5 dxe5 9. dxe5 Nd5 10. Rd1 Qa5 11. Rxd5 cxd5 12. Qxd5 Be6 13. Qxa8 b4 14. Qxa7 Qxa7 15. Bxa7 bxc3 16. bxc3 Nc6 17. Bd4 Bxa2 18. Nf3 Rb8 19. Kd2 f6 20. exf6 Bxf6 21. Bxf6 exf6 22. Bd3 Bd5 23. Rf1 Kf7 24. g3 Na5 25. Nd4 Nc4+ 26. Bxc4 Bxc4 27. Ra1 Rb7 28. h4 Kg7 29. Ra4 Rc7 30. Rb4 Kh6 31. Rb6 Kh5 32. Ke3 Kg4 33. Kf2 Bd5 34. Rxf6 Rxc3 35. f5 Be4 36. fxg6 Bxg6 37. Rf4+ Kh3 38. h5 Rxg3 39. hxg6 hxg6 40. Rf3 1-0

[Event "Turin op"]
[Site "Turin"]
[Date "2000.11.26"]
[Round "9"]
[White "Racioppo, Paolo"]
[Black "Van Hoolandt, Patrick"]
[Result "1-0"]
[WhiteElo "2189"]
[BlackElo "2169"]
[PlyCount "57"]
[EventDate "2000.11.18"]
[EventType "swiss"]
[EventRounds "9"]
[EventCountry "ITA"]
[SourceTitle "CBM 079 Extra"]
[Source "ChessBase"]
[SourceDate "2001.01.11"]
[SourceVersion "2"]
[SourceVersionDate "2001.01.25"]
[SourceQuality "1"]

1. e4 e5 2. Bc4 Bc5 3. Qe2 d6 4. d3 Nc6 5. c3 Qf6 6. h3 Nge7 7. Nf3 h6 8. Nbd2 a6 9. Bb3 Ng6 10. Nf1 Nf4 11. Bxf4 Qxf4 12. Ng3 g6 13. Nf5 gxf5 14. g3 Qg5 15. Nxg5 hxg5 16. 0-0-0 fxe4 17. d4 exd4 18. Qxe4+ Kf8 19. cxd4 Bb6 20. h4 g4 21. h5 Bd7 22. Qf4 Nd8 23. Qf6 Rh7 24. Rde1 Nc6 25. Re4 Kg8 26. Rf4 Rf8 27. h6 Nb4 28. Kd2 Ba5 29. Qg5+ 1-0

[Event "Turin op"]
[Site "Turin"]
[Date "2000.11.19"]
[Round "2"]
[White "Gleizerov, Evgeny"]
[Black "Racioppo, Paolo"]
[Result "1-0"]
[WhiteElo "2557"]
[BlackElo "2189"]
[PlyCount "147"]
[EventDate "2000.11.18"]
[EventType "swiss"]
[EventRounds "9"]
[EventCountry "ITA"]
[SourceTitle "CBM 079 Extra"]
[Source "ChessBase"]
[SourceDate "2001.01.11"]
[SourceVersion "2"]
[SourceVersionDate "2001.01.25"]
[SourceQuality "1"]

1. d4 d5 2. c4 e6 3. Nf3 Nf6 4. g3 c6 5. Bg2 dxc4 6. Ne5 Be7 7. 0-0 0-0 8. Nxc4 Nbd7 9. Nc3 Nb6 10. Ne5 Nfd7 11. Nf3 Nd5 12. Bd2 b6 13. e4 Nxc3 14. Bxc3 Bb7 15. Qe2 a5 16. Rfd1 Qe8 17. h4 b5 18. Bd2 b4 19. Bf4 Nf6 20. Ne5 Ba6 21. Qc2 Rc8 22. Nc4 Qd8 23. Rac1 Bb5 24. Bf3 a4 25. Be5 Ne8 26. Kg2 Nd6 27. Ne3 Qb6 28. Bf4 Nb7 29. h5 Na5 30. b3 axb3 31. axb3 c5 32. d5 c4 33. d6 Bd8 34. d7 Rc6 35. bxc4 Nxc4 36. Nxc4 Rxc4 37. Qd2 f6 38. Rxc4 Bxc4 39. Rc1 b3 40. Qc3 Bb5 41. h6 Bxd7 42. hxg7 Rf7 43. Rb1 e5 44. Be3 Qe6 45. Rxb3 Qh3+ 46. Kg1 Kxg7 47. Bg2 Qh5 48. Qd2 Be6 49. Rd3 Be7 50. Bf3 Qh3 51. Bg2 Qh5 52. f4 Bh3 53. f5 Bxg2 54. Kxg2 Bf8 55. Rd8 h6 56. Qc2 Qg4 57. Rd1 Rb7 58. Rh1 Kh7 59. Rh4 Qg7 60. Qc6 Qf7 61. Rg4 Rb2+ 62. Kh3 Qa2 63. Bg1 Qf7 64. Rg6 Bg7 65. Qc1 Rb7 66. Be3 Qf8 67. Qd1 Qa3 68. Qd5 Qb3 69. Qd2 Qb4 70. Qg2 Qc4 71. Qf3 Rb4 72. Rg4 Rb1 73. Kg2 Rb2+ 74. Bf2 1-0

[Event "Turin op"]
[Site "Turin"]
[Date "2000.11.18"]
[Round "1"]
[White "Racioppo, Paolo"]
[Black "Fittante, Giuliana"]
[Result "1-0"]
[WhiteElo "2189"]
[BlackElo "2020"]
[PlyCount "74"]
[EventDate "2000.11.18"]
[EventType "swiss"]
[EventRounds "9"]
[EventCountry "ITA"]
[SourceTitle "CBM 079 Extra"]
[Source "ChessBase"]
[SourceDate "2001.01.11"]
[SourceVersion "2"]
[SourceVersionDate "2001.01.25"]
[SourceQuality "1"]

1. e4 e5 2. Bc4 Nf6 3. Qe2 Nc6 4. c3 d6 5. d3 Be7 6. Nf3 0-0 7. h3 Na5 8. Bb5 c6 9. Ba4 b5 10. Bc2 Nb7 11. Nbd2 a5 12. Nf1 Re8 13. g4 g6 14. Ng3 b4 15. g5 Nd7 16. h4 d5 17. h5 dxe4 18. hxg6 hxg6 19. Qxe4 Kg7 20. Qxc6 Ndc5 21. Nh5+ Kg8 22. Nf6+ Bxf6 23. Qxf6 Qxf6 24. gxf6 Bf5 25. Bh6 Bg4 26. Ng5 Ra6 27. Bg7 Bh5 28. f3 Nd6 29. Kf2 Nf5 30. d4 Nxg7 31. fxg7 exd4 32. cxd4 Ne6 33. Rhe1 Nxg7 34. Bb3 Rxe1 35. Bxf7+ Kf8 36. Rxe1 Rf6 37. Bb3 Nf5 1-0

[Event "Turin SVOLTA op"]
[Site "Turin"]
[Date "2000.05.31"]
[Round "4"]
[White "Racioppo, Paolo"]
[Black "Genova, Ruzka"]
[Result "1/2-1/2"]
[WhiteElo "2189"]
[BlackElo "2171"]
[PlyCount "128"]
[EventDate "2000.05.06"]
[EventType "swiss"]
[EventRounds "8"]
[EventCountry "ITA"]
[SourceTitle "CBM 076 Extra"]
[Source "ChessBase"]
[SourceDate "2000.07.11"]
[SourceVersion "1"]
[SourceVersionDate "2000.07.11"]
[SourceQuality "1"]

1. e4 c5 2. d3 Nc6 3. g3 g6 4. Bg2 Bg7 5. Nc3 d6 6. Nge2 e6 7. 0-0 Nge7 8. f4 0-0 9. Be3 Nd4 10. Rb1 Nec6 11. a3 Qd7 12. Qd2 b6 13. Nd1 Nxe2+ 14. Qxe2 Bb7 15. c3 f5 16. Nf2 Rae8 17. Rbd1 Kh8 18. d4 cxd4 19. cxd4 fxe4 20. Nxe4 Ne7 21. Bf2 Bd5 22. Ng5 Bxg2 23. Kxg2 Nd5 24. Kg1 Re7 25. Rfe1 Rfe8 26. h4 Nf6 27. Rd3 h6 28. Ne4 Nd5 29. h5 gxh5 30. Qxh5 Rf8 31. Rd2 Rf5 32. Qg6 Nf6 33. Rde2 d5 34. Nd2 Bf8 35. Nf3 Ne4 36. Ne5 Qe8 37. Rc2 Rf6 38. Qxe8 Rxe8 39. Rc7 Re7 40. Rec1 Rxc7 41. Rxc7 h5 42. Be1 Bd6 43. Rxa7 Bxe5 44. dxe5 Rf8 45. Rc7 h4 46. gxh4 Rxf4 47. Rc6 Nc5 48. Rxb6 Re4 49. Bf2 Nd3 50. Rxe6 Nxb2 51. Re8+ Kg7 52. Rd8 Nd3 53. Rxd5 Nxf2 54. Kxf2 Rxh4 55. Ra5 Kf7 56. Ke3 Ke6 57. Kd3 Rg4 58. a4 Rh4 59. Kc3 Re4 60. Ra8 Rxe5 61. Kc4 Kd7 62. Rb8 Re8 63. Rb2 Kc6 64. a5 Re4+ 1/2-1/2

[Event "Turin SVOLTA op"]
[Site "Turin"]
[Date "2000.05.30"]
[Round "3"]
[White "Racioppo, Paolo"]
[Black "Faraoni, Enrico"]
[Result "1/2-1/2"]
[WhiteElo "2189"]
[BlackElo "2174"]
[PlyCount "22"]
[EventDate "2000.05.06"]
[EventType "swiss"]
[EventRounds "8"]
[EventCountry "ITA"]
[SourceTitle "CBM 076 Extra"]
[Source "ChessBase"]
[SourceDate "2000.07.11"]
[SourceVersion "1"]
[SourceVersionDate "2000.07.11"]
[SourceQuality "1"]

1. e4 b6 2. d3 Bb7 3. g3 d5 4. Nd2 e5 5. Bg2 Nf6 6. Qe2 Bb4 7. exd5 0-0 8. c4 Re8 9. Kf1 c6 10. d6 Bxd2 11. Bxd2 Qxd6 1/2-1/2

[Event "Turin SVOLTA op"]
[Site "Turin"]
[Date "2000.05.29"]
[Round "2"]
[White "Saccona, Silvano"]
[Black "Racioppo, Paolo"]
[Result "1/2-1/2"]
[WhiteElo "2113"]
[BlackElo "2189"]
[PlyCount "52"]
[EventDate "2000.05.06"]
[EventType "swiss"]
[EventRounds "8"]
[EventCountry "ITA"]
[SourceTitle "CBM 076 Extra"]
[Source "ChessBase"]
[SourceDate "2000.07.11"]
[SourceVersion "1"]
[SourceVersionDate "2000.07.11"]
[SourceQuality "1"]

1. Nf3 f5 2. g3 Nf6 3. Bg2 d6 4. d4 g6 5. h4 Bg7 6. Bg5 Nbd7 7. Nc3 c6 8. Qd3 h6 9. Bxf6 Nxf6 10. e4 fxe4 11. Nxe4 Nxe4 12. Qxe4 Bf5 13. Qe2 0-0 14. c3 Bg4 15. Qe4 Qd7 16. 0-0 Rf7 17. Nd2 Bf5 18. Qe3 Raf8 19. Rad1 b6 20. Nc4 Kh7 21. Kh2 Qc7 22. Qe2 b5 23. Ne3 e5 24. d5 e4 25. h5 Be5 26. Qc2 Qe7 1/2-1/2